MARC

LEADER 00000nam0a2200000 4500
001 307456
005 20231102002009.0
035 |a (RuTPU)RU\TPU\book\332749 
090 |a 307456 
100 |a 20151020d1983 km y0rusy50 ca 
101 0 |a rus 
102 |a RU 
105 |a a z 001zy 
200 1 |a Геометрия простого преследования  |f Л. А. Петросян, Г. В. Томский  |g Академия наук СССР (АН СССР), Сибирское отделение (СО), Якутский филиал (ЯФ) ; Якутский государственный университет им. М. К. Аммосова (ЯГУ) ; под ред. Е. Т. Софронова 
210 |a Новосибирск  |c Наука  |d 1983 
215 |a 142 с.  |c ил. 
320 |a Библиогр.: с. 140-141 
606 1 |a Дифференциальные игры  |2 stltpush  |3 (RuTPU)RU\TPU\subj\9690  |9 36872 
610 1 |a геометрия 
610 1 |a преследование 
610 1 |a оптимальные стратегии 
610 1 |a погонные параметры 
610 1 |a параллельное сближение 
610 1 |a неполная информация 
610 1 |a качество 
675 |a 517.977.8  |v 4 
700 1 |a Петросян  |b Л. А.  |g Леон Аганесович 
701 1 |a Томский  |b Г. В.  |g Григорий Васильевич 
702 1 |a Софронов  |b Е. Т.  |4 340 
712 0 2 |a Академия наук СССР (АН СССР)  |b Сибирское отделение (СО)  |b Якутский филиал (ЯФ)  |c (Якутск)  |c (1957-1988)  |2 stltpush  |3 (RuTPU)RU\TPU\col\6086 
712 0 2 |a Якутский государственный университет им. М. К. Аммосова (ЯГУ)  |c (1956-2010)  |2 stltpush  |3 (RuTPU)RU\TPU\col\392 
801 1 |a RU  |b 63413507  |c 20151020 
801 2 |a RU  |b 63413507  |c 20190515  |g RCR 
942 |c BK